000 00250nam a2200097Ia 4500
001 685045
005 20250826161510.0
008 250824s9999 xx 000 0 und d
245 0 _aYOLCULUKLAR ÜZERİNE/S.ZWEIG/EVEREST
_cSTEFAN ZWEIG
260 _bEVEREST
999 _c685045
_d685045